| 000 | 00683nam a2200217 a 4500 | ||
|---|---|---|---|
| 005 | 20140310183440.0 | ||
| 008 | 080508s19uu xx 00 eng d | ||
| 020 | _a0763729086 | ||
| 050 |
_aRJ 499 _b.C536 2006 |
||
| 245 |
_aChild & adolescent mental health : _binterdisciplinary systems care / |
||
| 260 |
_aSudbury, Massachussetts : _bJones and Bartlett Publishers, _c2006. |
||
| 300 |
_a424 p. : _bill. ; _c23 cm. |
||
| 521 | _aEDU | ||
| 650 | _aChild mental health services. | ||
| 650 |
_aTeenagers _xMental health services. |
||
| 650 | _aIntegrated delivery of health care. | ||
| 700 | _aHerrick, Charlotte | ||
| 942 |
_cBK _2lcc _kFOR |
||
| 999 |
_c23058 _d23058 |
||